<?xml version="1.0" encoding="UTF-8"?>
<record
    xmlns:xsi="http://www.w3.org/2001/XMLSchema-instance"
    xsi:schemaLocation="http://www.loc.gov/MARC21/slim http://www.loc.gov/standards/marcxml/schema/MARC21slim.xsd"
    xmlns="http://www.loc.gov/MARC21/slim">

  <leader>00867nam a22002177a 4500</leader>
  <datafield tag="999" ind1=" " ind2=" ">
    <subfield code="c">146155</subfield>
    <subfield code="d">146155</subfield>
  </datafield>
  <controlfield tag="005">20180927104105.0</controlfield>
  <datafield tag="010" ind1=" " ind2=" ">
    <subfield code="a">1718EN-30  B-688824-838 ENG-123653</subfield>
  </datafield>
  <datafield tag="020" ind1=" " ind2=" ">
    <subfield code="a">9789383913169</subfield>
    <subfield code="c">990.00</subfield>
  </datafield>
  <datafield tag="035" ind1=" " ind2=" ">
    <subfield code="a">B-688824-838   EN-107185</subfield>
  </datafield>
  <datafield tag="037" ind1=" " ind2=" ">
    <subfield code="b">Aryan Pub.</subfield>
  </datafield>
  <datafield tag="037" ind1=" " ind2=" ">
    <subfield code="b">DBAD/PUB.</subfield>
  </datafield>
  <datafield tag="082" ind1=" " ind2=" ">
    <subfield code="a">321.0940954</subfield>
  </datafield>
  <datafield tag="100" ind1=" " ind2=" ">
    <subfield code="a">Pathak, Dharmendra </subfield>
  </datafield>
  <datafield tag="245" ind1=" " ind2=" ">
    <subfield code="a">Tribal revolts in India / </subfield>
    <subfield code="c">by Dharmendra Pathak </subfield>
  </datafield>
  <datafield tag="260" ind1=" " ind2=" ">
    <subfield code="a">Delhi</subfield>
    <subfield code="b">ARYAN PUBLICATION</subfield>
    <subfield code="c">2015</subfield>
  </datafield>
  <datafield tag="270" ind1=" " ind2=" ">
    <subfield code="a">1/11137, IIIrd Floor, Street No.-10 Subhash Park, Shahrara, </subfield>
    <subfield code="b">Delhi</subfield>
    <subfield code="e">110032</subfield>
  </datafield>
  <datafield tag="300" ind1=" " ind2=" ">
    <subfield code="a">240p.</subfield>
    <subfield code="c">21cm(Hb)</subfield>
  </datafield>
  <datafield tag="500" ind1=" " ind2=" ">
    <subfield code="a">includes bibliographical references</subfield>
  </datafield>
  <datafield tag="942" ind1=" " ind2=" ">
    <subfield code="2">ddc</subfield>
    <subfield code="c">EN</subfield>
    <subfield code="m">PAT</subfield>
    <subfield code="h">321.0940954</subfield>
  </datafield>
  <datafield tag="952" ind1=" " ind2=" ">
    <subfield code="0">0</subfield>
    <subfield code="1">0</subfield>
    <subfield code="4">0</subfield>
    <subfield code="7">0</subfield>
    <subfield code="8">NFIC</subfield>
    <subfield code="a">L</subfield>
    <subfield code="b">L</subfield>
    <subfield code="d">2018-06-13</subfield>
    <subfield code="e">Aryanpub.003/5.12.17/638/20.11.17/15.1.18</subfield>
    <subfield code="g">990.00</subfield>
    <subfield code="l">1</subfield>
    <subfield code="o">321.0940954 PAT</subfield>
    <subfield code="p">B-688824</subfield>
    <subfield code="r">2020-11-09 00:00:00</subfield>
    <subfield code="s">2020-10-26</subfield>
    <subfield code="t">1</subfield>
    <subfield code="v">990.00</subfield>
    <subfield code="y">EN</subfield>
  </datafield>
  <datafield tag="952" ind1=" " ind2=" ">
    <subfield code="0">0</subfield>
    <subfield code="1">0</subfield>
    <subfield code="4">0</subfield>
    <subfield code="7">0</subfield>
    <subfield code="8">NFIC</subfield>
    <subfield code="a">M</subfield>
    <subfield code="b">M</subfield>
    <subfield code="d">2018-06-13</subfield>
    <subfield code="e">Aryanpub.003/5.12.17/638/20.11.17/15.1.18</subfield>
    <subfield code="g">990.00</subfield>
    <subfield code="l">0</subfield>
    <subfield code="o">321.0940954 PAT</subfield>
    <subfield code="p">B-688825</subfield>
    <subfield code="r">2018-06-13 00:00:00</subfield>
    <subfield code="t">2</subfield>
    <subfield code="v">990.00</subfield>
    <subfield code="y">EN</subfield>
  </datafield>
  <datafield tag="952" ind1=" " ind2=" ">
    <subfield code="0">0</subfield>
    <subfield code="1">0</subfield>
    <subfield code="4">0</subfield>
    <subfield code="7">0</subfield>
    <subfield code="8">NFIC</subfield>
    <subfield code="a">M</subfield>
    <subfield code="b">M</subfield>
    <subfield code="d">2018-06-13</subfield>
    <subfield code="e">Aryanpub.003/5.12.17/638/20.11.17/15.1.18</subfield>
    <subfield code="g">990.00</subfield>
    <subfield code="l">0</subfield>
    <subfield code="o">321.0940954 PAT</subfield>
    <subfield code="p">B-688826</subfield>
    <subfield code="r">2018-06-13 00:00:00</subfield>
    <subfield code="t">2</subfield>
    <subfield code="v">990.00</subfield>
    <subfield code="y">EN</subfield>
  </datafield>
  <datafield tag="952" ind1=" " ind2=" ">
    <subfield code="0">0</subfield>
    <subfield code="1">0</subfield>
    <subfield code="4">0</subfield>
    <subfield code="7">0</subfield>
    <subfield code="8">NFIC</subfield>
    <subfield code="a">NPL</subfield>
    <subfield code="b">NPL</subfield>
    <subfield code="d">2018-06-13</subfield>
    <subfield code="e">Aryanpub.003/5.12.17/638/20.11.17/15.1.18</subfield>
    <subfield code="g">990.00</subfield>
    <subfield code="l">0</subfield>
    <subfield code="o">321.0940954 PAT</subfield>
    <subfield code="p">B-688827</subfield>
    <subfield code="r">2018-06-13 00:00:00</subfield>
    <subfield code="t">1</subfield>
    <subfield code="v">990.00</subfield>
    <subfield code="y">EN</subfield>
  </datafield>
  <datafield tag="952" ind1=" " ind2=" ">
    <subfield code="0">0</subfield>
    <subfield code="1">0</subfield>
    <subfield code="4">0</subfield>
    <subfield code="7">0</subfield>
    <subfield code="8">NFIC</subfield>
    <subfield code="a">AV</subfield>
    <subfield code="b">AV</subfield>
    <subfield code="d">2018-06-13</subfield>
    <subfield code="e">Aryanpub.003/5.12.17/638/20.11.17/15.1.18</subfield>
    <subfield code="g">990.00</subfield>
    <subfield code="l">1</subfield>
    <subfield code="o">321.0940954 PAT</subfield>
    <subfield code="p">B-688828</subfield>
    <subfield code="r">2021-06-28 00:00:00</subfield>
    <subfield code="s">2021-06-24</subfield>
    <subfield code="t">1</subfield>
    <subfield code="v">990.00</subfield>
    <subfield code="y">EN</subfield>
  </datafield>
  <datafield tag="952" ind1=" " ind2=" ">
    <subfield code="0">0</subfield>
    <subfield code="1">0</subfield>
    <subfield code="4">0</subfield>
    <subfield code="7">0</subfield>
    <subfield code="8">NFIC</subfield>
    <subfield code="a">BL1</subfield>
    <subfield code="b">BL1</subfield>
    <subfield code="d">2018-06-13</subfield>
    <subfield code="e">Aryanpub.003/5.12.17/638/20.11.17/15.1.18</subfield>
    <subfield code="g">990.00</subfield>
    <subfield code="l">1</subfield>
    <subfield code="o">321.0940954 PAT</subfield>
    <subfield code="p">B-688829</subfield>
    <subfield code="r">2026-04-13 11:29:30</subfield>
    <subfield code="s">2026-04-04</subfield>
    <subfield code="t">1</subfield>
    <subfield code="v">990.00</subfield>
    <subfield code="y">EN</subfield>
  </datafield>
  <datafield tag="952" ind1=" " ind2=" ">
    <subfield code="0">0</subfield>
    <subfield code="1">0</subfield>
    <subfield code="4">0</subfield>
    <subfield code="7">0</subfield>
    <subfield code="8">NFIC</subfield>
    <subfield code="a">KGM</subfield>
    <subfield code="b">KGM</subfield>
    <subfield code="d">2018-06-13</subfield>
    <subfield code="e">Aryanpub.003/5.12.17/638/20.11.17/15.1.18</subfield>
    <subfield code="g">990.00</subfield>
    <subfield code="l">0</subfield>
    <subfield code="o">321.0940954 PAT</subfield>
    <subfield code="p">B-688830</subfield>
    <subfield code="r">2018-06-13 00:00:00</subfield>
    <subfield code="t">1</subfield>
    <subfield code="v">990.00</subfield>
    <subfield code="y">EN</subfield>
  </datafield>
  <datafield tag="952" ind1=" " ind2=" ">
    <subfield code="0">0</subfield>
    <subfield code="1">0</subfield>
    <subfield code="4">0</subfield>
    <subfield code="7">0</subfield>
    <subfield code="8">NFIC</subfield>
    <subfield code="a">PR</subfield>
    <subfield code="b">PR</subfield>
    <subfield code="d">2018-06-13</subfield>
    <subfield code="e">Aryanpub.003/5.12.17/638/20.11.17/15.1.18</subfield>
    <subfield code="g">990.00</subfield>
    <subfield code="l">1</subfield>
    <subfield code="m">2</subfield>
    <subfield code="o">321.0940954 PAT</subfield>
    <subfield code="p">B-688831</subfield>
    <subfield code="r">2020-01-06 00:00:00</subfield>
    <subfield code="s">2019-11-26</subfield>
    <subfield code="t">1</subfield>
    <subfield code="v">990.00</subfield>
    <subfield code="y">EN</subfield>
  </datafield>
  <datafield tag="952" ind1=" " ind2=" ">
    <subfield code="0">0</subfield>
    <subfield code="1">0</subfield>
    <subfield code="4">0</subfield>
    <subfield code="7">0</subfield>
    <subfield code="8">NFIC</subfield>
    <subfield code="a">TN</subfield>
    <subfield code="b">TN</subfield>
    <subfield code="d">2018-06-13</subfield>
    <subfield code="e">Aryanpub.003/5.12.17/638/20.11.17/15.1.18</subfield>
    <subfield code="g">990.00</subfield>
    <subfield code="l">1</subfield>
    <subfield code="o">321.0940954 PAT</subfield>
    <subfield code="p">B-688832</subfield>
    <subfield code="r">2022-01-25 00:00:00</subfield>
    <subfield code="s">2022-01-17</subfield>
    <subfield code="t">1</subfield>
    <subfield code="v">990.00</subfield>
    <subfield code="y">EN</subfield>
  </datafield>
  <datafield tag="952" ind1=" " ind2=" ">
    <subfield code="0">0</subfield>
    <subfield code="1">0</subfield>
    <subfield code="4">0</subfield>
    <subfield code="7">0</subfield>
    <subfield code="8">NFIC</subfield>
    <subfield code="a">JP</subfield>
    <subfield code="b">JP</subfield>
    <subfield code="d">2018-06-13</subfield>
    <subfield code="e">Aryanpub.003/5.12.17/638/20.11.17/15.1.18</subfield>
    <subfield code="g">990.00</subfield>
    <subfield code="l">0</subfield>
    <subfield code="o">321.0940954 PAT</subfield>
    <subfield code="p">B-688833</subfield>
    <subfield code="r">2018-06-13 00:00:00</subfield>
    <subfield code="t">1</subfield>
    <subfield code="v">990.00</subfield>
    <subfield code="y">EN</subfield>
  </datafield>
  <datafield tag="952" ind1=" " ind2=" ">
    <subfield code="0">0</subfield>
    <subfield code="1">0</subfield>
    <subfield code="4">0</subfield>
    <subfield code="7">0</subfield>
    <subfield code="8">NFIC</subfield>
    <subfield code="a">ZLS</subfield>
    <subfield code="b">ZLS</subfield>
    <subfield code="d">2018-06-13</subfield>
    <subfield code="e">Aryanpub.003/5.12.17/638/20.11.17/15.1.18</subfield>
    <subfield code="g">990.00</subfield>
    <subfield code="l">2</subfield>
    <subfield code="o">321.0940954 PAT</subfield>
    <subfield code="p">B-688834</subfield>
    <subfield code="r">2020-02-14 00:00:00</subfield>
    <subfield code="s">2020-01-29</subfield>
    <subfield code="t">1</subfield>
    <subfield code="v">990.00</subfield>
    <subfield code="y">EN</subfield>
  </datafield>
  <datafield tag="952" ind1=" " ind2=" ">
    <subfield code="0">0</subfield>
    <subfield code="1">0</subfield>
    <subfield code="4">0</subfield>
    <subfield code="7">0</subfield>
    <subfield code="8">NFIC</subfield>
    <subfield code="a">NRR</subfield>
    <subfield code="b">NRR</subfield>
    <subfield code="d">2018-06-13</subfield>
    <subfield code="e">Aryanpub.003/5.12.17/638/20.11.17/15.1.18</subfield>
    <subfield code="g">990.00</subfield>
    <subfield code="l">0</subfield>
    <subfield code="o">321.0940954 PAT</subfield>
    <subfield code="p">B-688835</subfield>
    <subfield code="r">2018-06-13 00:00:00</subfield>
    <subfield code="t">1</subfield>
    <subfield code="v">990.00</subfield>
    <subfield code="y">EN</subfield>
  </datafield>
  <datafield tag="952" ind1=" " ind2=" ">
    <subfield code="0">0</subfield>
    <subfield code="1">0</subfield>
    <subfield code="4">0</subfield>
    <subfield code="7">0</subfield>
    <subfield code="8">NFIC</subfield>
    <subfield code="a">BKK</subfield>
    <subfield code="b">BKK</subfield>
    <subfield code="d">2018-06-13</subfield>
    <subfield code="e">Aryanpub.003/5.12.17/638/20.11.17/15.1.18</subfield>
    <subfield code="g">990.00</subfield>
    <subfield code="l">0</subfield>
    <subfield code="o">321.0940954 PAT</subfield>
    <subfield code="p">B-688836</subfield>
    <subfield code="r">2018-06-13 00:00:00</subfield>
    <subfield code="t">1</subfield>
    <subfield code="v">990.00</subfield>
    <subfield code="y">EN</subfield>
  </datafield>
  <datafield tag="952" ind1=" " ind2=" ">
    <subfield code="0">0</subfield>
    <subfield code="1">0</subfield>
    <subfield code="4">0</subfield>
    <subfield code="7">0</subfield>
    <subfield code="8">NFIC</subfield>
    <subfield code="a">NR</subfield>
    <subfield code="b">NR</subfield>
    <subfield code="d">2018-06-13</subfield>
    <subfield code="e">Aryanpub.003/5.12.17/638/20.11.17/15.1.18</subfield>
    <subfield code="g">990.00</subfield>
    <subfield code="l">0</subfield>
    <subfield code="o">321.0940954 PAT</subfield>
    <subfield code="p">B-688837</subfield>
    <subfield code="r">2018-06-13 00:00:00</subfield>
    <subfield code="t">1</subfield>
    <subfield code="v">990.00</subfield>
    <subfield code="y">EN</subfield>
  </datafield>
  <datafield tag="952" ind1=" " ind2=" ">
    <subfield code="0">0</subfield>
    <subfield code="1">0</subfield>
    <subfield code="4">0</subfield>
    <subfield code="7">0</subfield>
    <subfield code="8">NFIC</subfield>
    <subfield code="a">BN</subfield>
    <subfield code="b">BN</subfield>
    <subfield code="d">2018-06-13</subfield>
    <subfield code="e">Aryanpub.003/5.12.17/638/20.11.17/15.1.18</subfield>
    <subfield code="g">990.00</subfield>
    <subfield code="l">1</subfield>
    <subfield code="o">321.0940954 PAT</subfield>
    <subfield code="p">B-688838</subfield>
    <subfield code="r">2019-12-09 00:00:00</subfield>
    <subfield code="s">2019-12-06</subfield>
    <subfield code="t">1</subfield>
    <subfield code="v">990.00</subfield>
    <subfield code="y">EN</subfield>
  </datafield>
  <datafield tag="952" ind1=" " ind2=" ">
    <subfield code="0">0</subfield>
    <subfield code="1">0</subfield>
    <subfield code="4">0</subfield>
    <subfield code="7">1</subfield>
    <subfield code="8">NFIC</subfield>
    <subfield code="a">DBAD</subfield>
    <subfield code="b">BL1</subfield>
    <subfield code="d">2018-08-01</subfield>
    <subfield code="e">DBAD/PUB</subfield>
    <subfield code="g">990.00</subfield>
    <subfield code="l">0</subfield>
    <subfield code="o">321.0940954 PAT</subfield>
    <subfield code="p">EN-107185</subfield>
    <subfield code="r">2018-08-01 00:00:00</subfield>
    <subfield code="t">1</subfield>
    <subfield code="v">990.00</subfield>
    <subfield code="y">EN</subfield>
  </datafield>
</record>
